C’est aussi un prénom #2 - Statistiques

Statistiques générales
  • Ce quiz a été pris 106 fois
    20 depuis la dernière actualisation
  • Le résultat moyen est 6 sur 14
Statistiques - réponses
Indice réponse % Correct
Animal ou cancre Anne
79%
L'époux de la femme, c'est le : Marie
79%
Il y en a un au nord et un au sud Paul
74%
Sans Accident Mortel (il conduit, il boit pas) Sam
68%
Livre d’école Manuel
58%
Être venu du ciel Ange
53%
Le dernier de la fratrie Benjamin
42%
Quelqu’un qu’on apprécie, il est : Aimé
32%
On le veux, il est : Désiré
21%
Équitable, bon Juste
21%
Une musique, un air Mélodie
21%
Une poésie, une chanson Aude
16%
Lumineuse Claire
16%
Plante qui reste sur les arbres en hiver Guy
16%
Aucun quiz correspondant
Distribution des résultats
% des personnes avec chaque résultat
Percentile par nombre de réponses
Votre historique - résultats
Vous n’avez pas pris ce quiz depuis la dernière actualisation